[Event " "]
[Site "CRETEIL"]
[Date "21.??.??"]
[Round "1.1"]
[White "Velikov, Petar"]
[Black "Bouchet, Nicolas"]
[Result "0-1"]
[WhiteElo "2426"]
[BlackElo "2298"]
[PlyCount "126"]
[EventDate "21.??.??"]
[WhiteTeam "Vincennes"]
[BlackTeam "Creteil"]

1. Nf3 d5 2. g3 Nf6 3. Bg2 Bf5 4. c4 dxc4 5. Qa4+ c6 6. Qxc4 Nbd7 7. d3 e5 8.
O-O Be7 9. Nbd2 O-O 10. Qc2 Qc7 11. e4 Bg4 12. h3 Bxf3 13. Nxf3 Nc5 14. Be3 Ne6
15. Rfd1 c5 16. Rac1 Qd6 17. Qb3 Rab8 18. a4 Rfd8 19. Bf1 b6 20. Nd2 Nd4 21.
Bxd4 Qxd4 22. Nc4 Ne8 23. h4 Nc7 24. Bh3 g6 25. Ne3 Qd6 26. Qc4 Ne8 27. Ng4 Bf8
28. Qc3 Bg7 29. h5 Nf6 30. hxg6 hxg6 31. Ne3 Qc7 32. Rb1 Rd4 33. a5 b5 34. Nc2
Rdd8 35. b4 Bf8 36. bxc5 Qxc5 37. Qxc5 Bxc5 38. Nb4 Rd6 39. Kf1 Nxe4 40. dxe4
Rxd1+ 41. Rxd1 Bxb4 42. a6 Rb6 43. Bc8 Ba3 44. Rd3 Bd6 45. Bb7 b4 46. Rb3 Bc5
47. Ke2 Bd4 48. f4 Bc3 49. Kd3 Rd6+ 50. Ke3 exf4+ 51. gxf4 Rd1 52. Bd5 Kf8 53.
Bc4 f6 54. Bd3 g5 55. Be2 Re1 56. fxg5 fxg5 57. Kf2 Ke7 58. e5 Ra1 59. Bc4 Ra5
60. Rb1 Rxe5 61. Rh1 Kd6 62. Bb3 Bd4+ 63. Kg2 Re2+ 0-1

[Event " "]
[Site "CRETEIL"]
[Date "21.??.??"]
[Round "1.2"]
[White "Larrat, Philippe"]
[Black "Elbilia, Jacques"]
[Result "0-1"]
[WhiteElo "2195"]
[BlackElo "2351"]
[PlyCount "98"]
[EventDate "21.??.??"]
[WhiteTeam "Creteil"]

1. e4 d6 2. d4 Nf6 3. Nc3 e5 4. Nf3 Nbd7 5. Bc4 Be7 6. O-O O-O 7. Re1 c6 8. a4
a5 9. b3 Qc7 10. Bb2 Nb6 11. Be2 Bg4 12. Qd2 Rad8 13. Rad1 h6 14. Qe3 Nfd7 15.
dxe5 dxe5 16. Na2 Bc5 17. Qc3 Bxf3 18. Qxf3 Rfe8 19. Qg3 Re6 20. Nc1 Nf6 21.
Bf3 Rxd1 22. Rxd1 Qe7 23. Nd3 Nbd7 24. Bc1 Kh8 25. Qh3 Bb6 26. Rf1 Qe8 27. Nb2
Bc7 28. Nc4 b5 29. axb5 cxb5 30. Ne3 Nf8 31. Nf5 N8h7 32. Qg3 Qf8 33. Rd1 h5
34. Ba3 b4 35. Bb2 g6 36. Ne3 Qc5 37. Nc4 a4 38. h4 a3 39. Ba1 Qc6 40. Rd5 a2
41. Qh3 Re8 42. g4 Nxd5 43. exd5 Qd7 44. Qg2 hxg4 45. Bxg4 Qe7 46. f4 Qxh4 47.
Bd7 Re7 48. fxe5 Kg8 49. d6 Bxd6 0-1

[Event " "]
[Site "CRETEIL"]
[Date "21.??.??"]
[Round "1.3"]
[White "Fayard, Alain"]
[Black "Romieux, Sebastien"]
[Result "1/2-1/2"]
[WhiteElo "2360"]
[BlackElo "2249"]
[PlyCount "70"]
[EventDate "21.??.??"]
[WhiteTeam "Vincennes"]
[BlackTeam "Creteil"]

1. d4 Nf6 2. c4 e6 3. Nc3 Bb4 4. Nf3 Ne4 5. Qc2 f5 6. g3 O-O 7. Bg2 Nc6 8. O-O
Bxc3 9. bxc3 Na5 10. c5 b6 11. cxb6 axb6 12. c4 Bb7 13. Rd1 Qe7 14. a4 Rfd8 15.
Be3 c5 16. d5 exd5 17. cxd5 Nd6 18. Nh4 Rf8 19. Bd2 Nac4 20. Bc3 Rae8 21. Ra2
Ba6 22. Ba1 Ne4 23. Qb3 f4 24. d6 Qe6 25. Nf3 fxg3 26. hxg3 Ncxd6 27. Qxe6+
Rxe6 28. Ne5 Nxf2 29. Rf1 Nfe4 30. Rxf8+ Kxf8 31. Nxd7+ Ke7 32. Nxb6 Nxg3 33.
Nd5+ Kd8 34. Bxg7 Rxe2 35. Bf6+ Kd7 1/2-1/2

[Event " "]
[Site "CRETEIL"]
[Date "21.??.??"]
[Round "1.4"]
[White "Lepan, Marvin"]
[Black "Rabeyrin, Jean-Jacques"]
[Result "0-1"]
[WhiteElo "2190"]
[BlackElo "2305"]
[PlyCount "74"]
[EventDate "21.??.??"]
[WhiteTeam "Creteil"]

1. Nf3 d5 2. g3 Nf6 3. Bg2 c6 4. c4 dxc4 5. Qc2 Qc7 6. Qxc4 e5 7. O-O Be6 8.
Qc2 Nbd7 9. b3 Bd6 10. d3 O-O 11. Nbd2 Nb6 12. Bb2 h6 13. d4 Nbd7 14. Nc4 Bxc4
15. Qxc4 Rfe8 16. Rac1 e4 17. Nh4 Nb6 18. Qc2 Nbd5 19. Nf5 Bf8 20. Rcd1 g6 21.
Ne3 Nxe3 22. fxe3 Nd5 23. Bc1 Qe7 24. Bd2 h5 25. b4 Bh6 26. Qb3 a6 27. Rc1 h4
28. gxh4 Qxh4 29. Rc5 Rad8 30. Rc2 Bg5 31. a4 Qh6 32. Rc3 Re6 33. a5 Nxc3 34.
Qxc3 Rd5 35. Qb3 Bd8 36. Be1 Bc7 37. h4 Rg5 0-1

[Event " "]
[Site "CRETEIL"]
[Date "21.??.??"]
[Round "1.5"]
[White "Nemirovski, Serge"]
[Black "Lam, Sophie"]
[Result "1-0"]
[WhiteElo "2259"]
[BlackElo "2079"]
[PlyCount "69"]
[EventDate "21.??.??"]
[WhiteTeam "Vincennes"]
[BlackTeam "Creteil"]

1. e4 c5 2. c3 Nf6 3. e5 Nd5 4. d4 cxd4 5. Bc4 Nb6 6. Bb3 Nc6 7. Nf3 d5 8. h3
dxc3 9. Nxc3 e6 10. O-O Be7 11. Bf4 Nd7 12. Rc1 Nc5 13. Bc2 b6 14. a3 a5 15.
Re1 O-O 16. Nb5 Ba6 17. Nbd4 Nxd4 18. Nxd4 Rc8 19. b4 axb4 20. axb4 Nd7 21. Ra1
Bc4 22. Qg4 Bxb4 23. Re3 Re8 24. Rg3 Bf8 25. Nf3 f5 26. exf6 Nxf6 27. Qh4 Ne4
28. Ng5 h6 29. Qh5 Qf6 30. Nxe4 Qxa1+ 31. Kh2 dxe4 32. Bxe4 Bd5 33. Bg6 Re7 34.
Bxh6 Rec7 35. Bg5 1-0

[Event " "]
[Site "CRETEIL"]
[Date "21.??.??"]
[Round "1.6"]
[White "Li, Frederic"]
[Black "Jablonski, Noham"]
[Result "1-0"]
[WhiteElo "2108"]
[BlackElo "2279"]
[PlyCount "111"]
[EventDate "21.??.??"]
[WhiteTeam "Creteil"]

1. Nf3 Nf6 2. c4 c5 3. Nc3 d5 4. cxd5 Nxd5 5. d4 cxd4 6. Nxd5 Qxd5 7. Qxd4 Qxd4
8. Nxd4 a6 9. e4 g6 10. Be3 Bg7 11. Bc4 e6 12. Rc1 Bd7 13. b4 Nc6 14. Nxc6 Bxc6
15. f3 O-O 16. Ke2 Ba4 17. Bd3 Rfd8 18. Bb6 Rd7 19. g3 Bd4 20. Bxd4 Rxd4 21.
Rc4 Rd7 22. Rhc1 Rad8 23. R4c3 Kg7 24. Ke3 h5 25. h4 Rd4 26. Rb1 Bb5 27. Rbb3
Ba4 28. Rb2 f6 29. Rc7+ Kh6 30. Bc4 R8d6 31. Be2 Bc6 32. a4 Bxa4 33. Rxb7 Bd1
34. Bxa6 e5 35. Bb5 f5 36. Re7 fxe4 37. fxe4 Bg4 38. Rxe5 Rd1 39. Rc5 Rf6 40.
Be2 Re1 41. Kd3 Bxe2+ 42. Rxe2 Rf3+ 43. Kd2 Rb1 44. Rc3 Rb2+ 45. Kc1 Rxc3+ 46.
Kxb2 Rxg3 47. b5 Rf3 48. e5 Rf7 49. e6 Re7 50. Re5 Kg7 51. Kc3 Kf6 52. Kd4 Re8
53. e7 g5 54. hxg5+ Kg6 55. Ke4 h4 56. Kf4 1-0

[Event " "]
[Site "CRETEIL"]
[Date "21.??.??"]
[Round "1.7"]
[White "Peyrat, Olivier"]
[Black "Graca, Robert"]
[Result "0-1"]
[WhiteElo "2246"]
[BlackElo "2067"]
[PlyCount "90"]
[EventDate "21.??.??"]
[WhiteTeam "Vincennes"]
[BlackTeam "Creteil"]

1. Nf3 Nf6 2. c4 c5 3. g3 d5 4. Bg2 Nc6 5. cxd5 Nxd5 6. Nc3 Nc7 7. O-O e5 8.
Ne1 h5 9. d3 h4 10. Nf3 hxg3 11. fxg3 Be7 12. Be3 Ne6 13. Rc1 Ned4 14. Ne4 Qb6
15. Qd2 Bg4 16. Nc3 O-O-O 17. Ng5 Bxg5 18. Bxg5 f6 19. Be3 Kb8 20. Rfe1 Qb4 21.
b3 Rh5 22. Qb2 Rdh8 23. h4 g5 24. Nd5 Qa5 25. Nxf6 gxh4 26. Nxh5 Rxh5 27. gxh4
Rxh4 28. Bf2 Rh5 29. Rcd1 Qd8 30. Qd2 Qg8 31. Bxd4 Bh3 32. e3 Bxg2 33. Qxg2 Rg5
34. Re2 cxd4 35. e4 a6 36. Kf1 Rxg2 37. Rxg2 Qf7+ 38. Ke1 Qf3 39. Rgd2 Ne7 40.
Rf2 Qg3 41. Rdd2 Nc6 42. a3 Na7 43. a4 Nc6 44. Ke2 Qe3+ 45. Kd1 Nb4 0-1

[Event " "]
[Site "CRETEIL"]
[Date "21.??.??"]
[Round "1.8"]
[White "L'Huillier, Helene"]
[Black "Descroix, Claire"]
[Result "1-0"]
[WhiteElo "2022"]
[BlackElo "1649"]
[PlyCount "97"]
[EventDate "21.??.??"]
[WhiteTeam "Creteil"]

1. d4 d5 2. c4 e6 3. Nc3 Nf6 4. Nf3 Be7 5. Bg5 O-O 6. e3 c6 7. Bd3 Nbd7 8. O-O
h6 9. Bh4 Nh7 10. Bg3 b6 11. Qc2 Ng5 12. Nxg5 Bxg5 13. b4 a5 14. b5 c5 15. cxd5
cxd4 16. dxe6 dxc3 17. exd7 Bxd7 18. Qxc3 Re8 19. Rac1 Bf6 20. Qc7 Be6 21. Bc4
Qxc7 22. Bxc7 Bd8 23. Bxe6 Rxe6 24. Rfd1 Bxc7 25. Rxc7 Rb8 26. Rdd7 Rf6 27. a4
Re8 28. Rc6 Ree6 29. Rxe6 Rxe6 30. Rb7 Kf8 31. Kf1 Rf6 32. Ke2 Ke8 33. f3 Kd8
34. e4 Ke8 35. Ke3 g5 36. Kd4 Rd6+ 37. Ke5 Re6+ 38. Kd5 Rf6 39. Rc7 Re6 40. Rc6
Kd7 41. Rxe6 fxe6+ 42. Ke5 Ke7 43. g3 h5 44. h3 h4 45. gxh4 gxh4 46. f4 Kd7 47.
Kf6 Kd6 48. e5+ Kd7 49. Kf7 1-0

[Event " "]
[Site "PARIS LUTECE"]
[Date "21.??.??"]
[Round "1.1"]
[White "Babault, Patrice"]
[Black "Istratescu, Andrei"]
[Result "0-1"]
[WhiteElo "2334"]
[BlackElo "2631"]
[PlyCount "118"]
[EventDate "21.??.??"]
[WhiteTeam "Lutèce Echecs"]
[BlackTeam "Belfort"]

1. e4 c5 2. Nf3 e6 3. d4 cxd4 4. Nxd4 a6 5. Bd3 Nf6 6. O-O Qc7 7. Qe2 d6 8. c4
g6 9. b3 Bg7 10. Bb2 O-O 11. Nc3 Nc6 12. Nf3 Ng4 13. h3 Nge5 14. Rad1 Rd8 15.
Bb1 Nxf3+ 16. Qxf3 Rb8 17. Qg3 b5 18. c5 Be5 19. cxd6 Rxd6 20. Qg5 Rxd1 21.
Nxd1 Bb7 22. Bxe5 Qxe5 23. Qxe5 Nxe5 24. Ne3 Rc8 25. f4 Nd7 26. Rd1 Nf6 27. Ng4
Nh5 28. f5 exf5 29. exf5 Kg7 30. Kf2 Rc5 31. Rd6 gxf5 32. Ne3 Bc8 33. b4 Re5
34. Rc6 Be6 35. Rxa6 f4 36. Nd1 Bc4 37. Rd6 Re2+ 38. Kf3 Re1 39. Bc2 Bxa2 40.
Kg4 Re2 41. Bf5 Nf6+ 42. Kxf4 Rxg2 43. Ne3 Rb2 44. Rd4 Bc4 45. Ke5 Re2 46. Kf4
Be6 47. Bxe6 fxe6 48. Rd6 e5+ 49. Kf3 Rh2 50. Rb6 Rxh3+ 51. Kf2 h5 52. Nf5+ Kg6
53. Nd6 Ng4+ 54. Kg2 Rb3 55. Ne4+ Kf5 56. Ng3+ Kg5 57. Ne4+ Kf4 58. Nc5 Rb2+
59. Kf1 Kf3 0-1

[Event " "]
[Site "PARIS LUTECE"]
[Date "21.??.??"]
[Round "1.2"]
[White "Butunoi, Alexandru"]
[Black "San Emeterio Cabanes, Jose L"]
[Result "0-1"]
[WhiteElo "2403"]
[BlackElo "2373"]
[PlyCount "132"]
[EventDate "21.??.??"]
[WhiteTeam "Belfort"]

1. e4 c5 2. Nf3 Nc6 3. d4 cxd4 4. Nxd4 Nf6 5. Nc3 e5 6. Ndb5 d6 7. Nd5 Nxd5 8.
exd5 Nb8 9. c4 Be7 10. Bd3 O-O 11. O-O Nd7 12. Qc2 g6 13. b4 a6 14. Nc3 f5 15.
Qb3 Kh8 16. Bh6 Re8 17. Bd2 Bg5 18. f4 exf4 19. Bxf4 Ne5 20. Ne2 Bd7 21. a4
Bxf4 22. Rxf4 Qb6+ 23. c5 dxc5 24. Kh1 c4 25. Bxc4 Nxc4 26. Qxc4 Rac8 27. Qd3
Qe3 28. Qxe3 Rxe3 29. Nd4 Rd3 30. h4 Kg7 31. Re1 Kf6 32. Ne6 Rxd5 33. Ng5 h6
34. Ne4+ Kg7 35. Nc5 Re8 36. Rxe8 Bxe8 37. Nxb7 Bxa4 38. Rc4 Rd7 39. Nc5 Rd1+
40. Kh2 Bb5 41. Rf4 Kf6 42. Kg3 g5 43. hxg5+ hxg5 44. Rf2 f4+ 45. Kg4 Re1 46.
g3 Rg1 47. Ne4+ Ke5 48. Nxg5 Rxg3+ 49. Kh4 Kf5 50. Nf3 Rg8 51. Nd4+ Ke5 52.
Nf3+ Ke4 53. Ng5+ Kf5 54. Nf7 Rg7 55. Nh6+ Ke4 56. Ng4 f3 57. Rh2 Kf4 58. Nf6
Rg2 59. Nh5+ Ke3 60. Rh3 Bd7 61. Rg3 Rh2+ 62. Kg5 Ke2 63. Rg1 f2 64. Ra1 Rg2+
65. Kh4 Rg4+ 66. Kh3 Rg7+ 0-1

[Event " "]
[Site "PARIS LUTECE"]
[Date "21.??.??"]
[Round "1.3"]
[White "Lamorelle, Yves"]
[Black "Dikant, Christophe"]
[Result "1/2-1/2"]
[WhiteElo "2233"]
[BlackElo "2070"]
[PlyCount "62"]
[EventDate "21.??.??"]
[WhiteTeam "Lutèce Echecs"]
[BlackTeam "Belfort"]

1. e4 g6 2. d4 c6 3. Nc3 Bg7 4. Nf3 d5 5. h3 Nf6 6. e5 Ne4 7. Bd3 Nxc3 8. bxc3
c5 9. dxc5 Qa5 10. O-O Qxc5 11. Be3 Qa5 12. Qd2 O-O 13. Bh6 Nc6 14. Rfe1 Be6
15. Qg5 Qxc3 16. Rab1 b6 17. Qh4 Nxe5 18. Nxe5 Bxe5 19. Bxf8 Rxf8 20. Qxe7 Qc7
21. Qxc7 Bxc7 22. h4 Kg7 23. g3 Bd6 24. a4 Rc8 25. Kg2 Rc7 26. Re2 Kf6 27. h5
Bd7 28. Bb5 Bf5 29. Bd3 Bd7 30. Bb5 Bf5 31. Bd3 Bd7 1/2-1/2

[Event " "]
[Site "PARIS LUTECE"]
[Date "21.??.??"]
[Round "1.4"]
[White "Bangnoi, Alexandre"]
[Black "Carpentier, Pierre"]
[Result "0-1"]
[WhiteElo "2098"]
[BlackElo "2168"]
[PlyCount "78"]
[EventDate "21.??.??"]
[WhiteTeam "Belfort"]

1. e4 e6 2. d4 d5 3. e5 c5 4. c3 Qb6 5. Nf3 Bd7 6. Be2 cxd4 7. cxd4 Bb5 8. O-O
Bxe2 9. Qxe2 Nc6 10. Nc3 a6 11. Be3 Nge7 12. Rad1 Nf5 13. g4 Nxe3 14. fxe3 Be7
15. Rf2 h5 16. g5 f5 17. h4 g6 18. Ne1 Bb4 19. Rc1 Nxd4 20. exd4 Qxd4 21. Ng2
Bc5 22. Nd1 Rc8 23. Kh2 O-O 24. Nf4 Kh7 25. Kh3 Ba7 26. Rc3 Rxc3+ 27. bxc3 Qe4
28. Rf1 Bb8 29. Rf2 Bxe5 30. Qxe4 fxe4 31. Nxe6 Rxf2 32. Nxf2 Bxc3 33. Nf4 e3
34. N2d3 d4 35. Kg3 b5 36. Kf3 a5 37. Ke2 a4 38. Nd5 Ba5 39. N5f4 b4 0-1

[Event " "]
[Site "PARIS LUTECE"]
[Date "21.??.??"]
[Round "1.5"]
[White "Maleki, Nicolas"]
[Black "Monsieux, Sebastien"]
[Result "0-1"]
[WhiteElo "2193"]
[BlackElo "2081"]
[PlyCount "58"]
[EventDate "21.??.??"]
[WhiteTeam "Lutèce Echecs"]
[BlackTeam "Belfort"]

1. e4 g6 2. d4 Bg7 3. Nc3 c6 4. Bc4 d6 5. Qe2 Bxd4 6. Bxf7+ Kxf7 7. Qc4+ Kg7 8.
Qxd4+ Nf6 9. Bg5 Nbd7 10. O-O-O Qb6 11. Qd2 Re8 12. h4 Ne5 13. b3 Qb4 14. h5
Nxe4 15. Nxe4 Qxe4 16. hxg6 hxg6 17. Nf3 Nxf3 18. gxf3 Qe5 19. Kb1 Bf5 20. Rhe1
Qc5 21. Bxe7 Kf7 22. Bxd6 Qd5 23. Qb4 Qxf3 24. Qxb7+ Kg8 25. Rh1 Bxc2+ 26. Kc1
g5 27. Kxc2 Re2+ 28. Kb1 Qf5+ 29. Ka1 Qf6+ 0-1

[Event " "]
[Site "PARIS LUTECE"]
[Date "21.??.??"]
[Round "1.6"]
[White "Tachikart, Yassin"]
[Black "Lavanant, Alexandre"]
[Result "1-0"]
[WhiteElo "2074"]
[BlackElo "2078"]
[PlyCount "45"]
[EventDate "21.??.??"]
[WhiteTeam "Belfort"]

1. d4 e6 2. c4 Nf6 3. Nc3 Bb4 4. Qc2 d5 5. cxd5 exd5 6. Bg5 h6 7. Bh4 g5 8. Bg3
Ne4 9. e3 O-O 10. Bd3 Bf5 11. Nge2 Re8 12. O-O c6 13. Be5 Nxc3 14. Bxf5 Nxe2+
15. Qxe2 Nd7 16. f4 Nf8 17. fxg5 hxg5 18. Bc2 Bd6 19. Qh5 Bxe5 20. Qxf7+ Kh8
21. Rf3 g4 22. Rf5 Bxh2+ 23. Kh1 1-0

[Event " "]
[Site "PARIS LUTECE"]
[Date "21.??.??"]
[Round "1.7"]
[White "Wunderman, Xavier"]
[Black "Touze, Jean-Paul"]
[Result "1-0"]
[WhiteElo "2092"]
[BlackElo "2082"]
[PlyCount "61"]
[EventDate "21.??.??"]
[WhiteTeam "Lutèce Echecs"]
[BlackTeam "Belfort"]

1. e4 g6 2. d4 Bg7 3. Nc3 c6 4. Bc4 b5 5. Bb3 a5 6. a3 e6 7. e5 Bb7 8. Ne4 Ra7
9. Bg5 f6 10. Qf3 d5 11. Nxf6+ Bxf6 12. exf6 Kf7 13. Qf4 Nd7 14. Nf3 h6 15. O-O
Ndxf6 16. Rfe1 Kg7 17. Bxf6+ Nxf6 18. Rxe6 Rf8 19. Rae1 Bc8 20. Rxc6 Ne4 21.
Qe5+ Nf6 22. Rd6 Qc7 23. Rxd5 a4 24. Ba2 Qxc2 25. Rc5 Qxb2 26. Rc7+ Rxc7 27.
Qxc7+ Kh8 28. Qe7 Nd7 29. Be6 Rxf3 30. gxf3 Qxd4 31. Bxd7 1-0

[Event " "]
[Site "PARIS LUTECE"]
[Date "21.??.??"]
[Round "1.8"]
[White "Cechetto, Lea"]
[Black "Dacalor, Aurelie"]
[Result "0-1"]
[WhiteElo "1728"]
[BlackElo "2023"]
[PlyCount "80"]
[EventDate "21.??.??"]
[WhiteTeam "Belfort"]

1. e4 d6 2. d4 Nf6 3. Nc3 c6 4. Bd3 e5 5. dxe5 dxe5 6. f3 Be6 7. Nge2 Nbd7 8.
Be3 Nc5 9. Qd2 Qc7 10. Rd1 Rd8 11. Ng3 Bc4 12. Qe2 Nxd3+ 13. cxd3 Ba6 14. Qc2
Nd7 15. Nf5 g6 16. Nd5 Qc8 17. Rc1 gxf5 18. Bg5 f6 19. Nxf6+ Nxf6 20. Bxf6 Bb4+
21. Kf2 Rxd3 22. Rhd1 Rf8 23. Rxd3 Bxd3 24. Qxd3 Rxf6 25. Qc4 Bf8 26. Re1 f4
27. Rd1 Qc7 28. b3 Qb6+ 29. Kf1 Rg6 30. Qd3 Rd6 31. Qc2 Qe3 32. Rxd6 Bxd6 33.
Qc4 Bc5 34. Qe6+ Kd8 35. Qg8+ Kc7 36. Qxh7+ Kb6 37. Qh4 Qg1+ 38. Ke2 Qxg2+ 39.
Kd3 Qxf3+ 40. Kd2 Bb4+ 0-1

[Event " "]
[Site "GAMBSHEIM"]
[Date "21.??.??"]
[Round "1.1"]
[White "Vatter, Hans-Joachim"]
[Black "Genov, Petar"]
[Result "0-1"]
[WhiteElo "2326"]
[BlackElo "2457"]
[PlyCount "64"]
[EventDate "21.??.??"]
[WhiteTeam "Gambsheim"]
[BlackTeam "Mulhouse II"]

1. e4 c5 2. Nf3 d6 3. d4 cxd4 4. Nxd4 Nf6 5. Nc3 a6 6. Bg5 Nbd7 7. f4 b5 8. Qf3
Bb7 9. a3 g6 10. f5 Bg7 11. Bd3 Rc8 12. Nde2 Ne5 13. Qf2 O-O 14. h3 d5 15. Bxf6
Nxd3+ 16. cxd3 Bxf6 17. exd5 Bxd5 18. O-O Bb3 19. d4 Rc4 20. Rae1 Rxd4 21. Kh1
Rd2 22. fxg6 fxg6 23. Qa7 Rxb2 24. Qxa6 Bc4 25. Ne4 Qa8 26. Nxf6+ exf6 27. Qd6
Re8 28. Rxf6 Qe4 29. Ref1 Rxe2 30. Rf8+ Kg7 31. R8f7+ Bxf7 32. Qf6+ Kh6 0-1

[Event " "]
[Site "GAMBSHEIM"]
[Date "21.??.??"]
[Round "1.2"]
[White "Kurmann, Oliver"]
[Black "Syska, Albert"]
[Result "1-0"]
[WhiteElo "2396"]
[BlackElo "2252"]
[PlyCount "105"]
[EventDate "21.??.??"]
[WhiteTeam "Mulhouse II"]

1. e4 c5 2. Nf3 d6 3. d4 cxd4 4. Nxd4 Nf6 5. Nc3 Nc6 6. Bg5 e6 7. Qd2 a6 8.
O-O-O h6 9. Be3 Bd7 10. f3 b5 11. Nxc6 Bxc6 12. Ne2 Be7 13. Kb1 Qc7 14. Nd4 Bd7
15. g4 Bc8 16. h4 d5 17. e5 Nd7 18. f4 Nc5 19. Bd3 Bd7 20. h5 O-O-O 21. Qf2 Kb7
22. Nb3 Na4 23. Bd4 Rhf8 24. Rhf1 Rc8 25. Qe3 Ka8 26. Qe1 Kb7 27. Qe3 Ka8 28.
Rd2 Rb8 29. Rg2 Rh8 30. Rg3 Rbc8 31. Rgf3 Be8 32. f5 Bg5 33. Qe2 Be7 34. fxe6
fxe6 35. Bg6 Bd7 36. Rf7 Bf8 37. R1f3 Rg8 38. Qf2 Qd8 39. Nc1 Bc5 40. b3 Bxd4
41. Qxd4 Nc5 42. Nd3 Nb7 43. Bh7 Rh8 44. Rxg7 Qc7 45. Qf2 a5 46. Rff7 Rhd8 47.
Bg6 Qc6 48. g5 a4 49. gxh6 a3 50. Qd2 d4 51. h7 Qh1+ 52. Qc1 Bc6 53. Rc7 1-0

[Event " "]
[Site "GAMBSHEIM"]
[Date "21.??.??"]
[Round "1.3"]
[White "Mohebbi, Jaffar"]
[Black "Lerch, Patrice"]
[Result "0-1"]
[WhiteElo "2266"]
[BlackElo "2306"]
[PlyCount "58"]
[EventDate "21.??.??"]
[WhiteTeam "Gambsheim"]
[BlackTeam "Mulhouse II"]

1. d4 Nf6 2. Nf3 e6 3. Bg5 h6 4. Bh4 b6 5. Nbd2 Bb7 6. e3 c5 7. Bd3 Be7 8. c3
cxd4 9. exd4 d6 10. h3 Nbd7 11. Qe2 a6 12. a4 Nh5 13. Bxe7 Qxe7 14. g3 O-O 15.
O-O Rfe8 16. Rfe1 Nhf6 17. Nc4 e5 18. dxe5 dxe5 19. Nfxe5 b5 20. axb5 axb5 21.
Rxa8 Bxa8 22. f4 bxc4 23. Bxc4 Nxe5 24. fxe5 Qc5+ 25. Qf2 Qc6 26. Kh2 Rxe5 27.
Ra1 Ra5 28. Rd1 Qxc4 29. Rd8+ Kh7 0-1

[Event " "]
[Site "GAMBSHEIM"]
[Date "21.??.??"]
[Round "1.4"]
[White "Fargere, Francois"]
[Black "Marzolf, Bruno"]
[Result "1-0"]
[WhiteElo "2325"]
[BlackElo "2252"]
[PlyCount "63"]
[EventDate "21.??.??"]
[WhiteTeam "Mulhouse II"]

1. e4 e5 2. Nf3 Nc6 3. Bb5 a6 4. Bxc6 dxc6 5. O-O Bg4 6. h3 Bh5 7. g4 Bg6 8.
Nxe5 Bd6 9. Nxg6 hxg6 10. Kg2 Qh4 11. Qf3 Bf4 12. d3 g5 13. Rh1 Bxc1 14. Rxc1
Ne7 15. Nc3 Ng6 16. Ne2 Qh6 17. Qg3 O-O-O 18. f3 Rh7 19. Rh1 Nh4+ 20. Kf2 Qf6
21. Rab1 Ng6 22. Ke3 c5 23. b3 Rdh8 24. Kd2 Qb6 25. Kc1 Qa5 26. Kb2 Qd2 27. Rh2
Qe3 28. Rd1 b5 29. d4 c4 30. d5 f6 31. Nd4 Ne5 32. d6 1-0

[Event " "]
[Site "GAMBSHEIM"]
[Date "21.??.??"]
[Round "1.5"]
[White "Becht, Lucas"]
[Black "Leburgue, Sylvain"]
[Result "1-0"]
[WhiteElo "2198"]
[BlackElo "2234"]
[PlyCount "95"]
[EventDate "21.??.??"]
[WhiteTeam "Gambsheim"]
[BlackTeam "Mulhouse II"]

1. e4 c5 2. Nf3 Nc6 3. d4 cxd4 4. Nxd4 Nf6 5. Nc3 e5 6. Ndb5 d6 7. Bg5 a6 8.
Na3 b5 9. Nd5 Be7 10. Bxf6 Bxf6 11. c3 O-O 12. Nc2 Bg5 13. a4 bxa4 14. Rxa4 a5
15. Bc4 Rb8 16. b3 Kh8 17. Nce3 Be6 18. h4 Bxe3 19. Nxe3 Ne7 20. Bxe6 fxe6 21.
Nc4 d5 22. Nxa5 Qb6 23. O-O Rf6 24. Rb4 Qc7 25. Rxb8+ Qxb8 26. c4 Qc7 27. Qd2
dxc4 28. Nxc4 Nc6 29. Rd1 h5 30. Qd7 Qxd7 31. Rxd7 Rf4 32. f3 Kg8 33. Rc7 Nd4
34. Nxe5 Nxb3 35. g3 Rf8 36. Re7 Nd4 37. Kf2 Rc8 38. Ke3 Nc2+ 39. Kd2 Nd4 40.
Ke3 Nc2+ 41. Kf4 Nd4 42. Kg5 Rf8 43. f4 Ne2 44. Nd7 Rf7 45. Re8+ Kh7 46. Nf8+
Rxf8 47. Rxf8 Nxg3 48. e5 1-0

[Event " "]
[Site "GAMBSHEIM"]
[Date "21.??.??"]
[Round "1.6"]
[White "Riff, Vincent"]
[Black "Engelmann, Herve"]
[Result "1-0"]
[WhiteElo "2303"]
[BlackElo "2082"]
[PlyCount "91"]
[EventDate "21.??.??"]
[WhiteTeam "Mulhouse II"]

1. Nf3 Nf6 2. c4 g6 3. Nc3 Bg7 4. g3 O-O 5. Bg2 d6 6. O-O e5 7. d3 Nc6 8. Rb1
Ne7 9. b4 Nh5 10. Nd5 Nxd5 11. cxd5 Nf6 12. Nd2 Bf5 13. Bb2 Qd7 14. Rc1 Rac8
15. e4 Bh3 16. Nc4 Bxg2 17. Kxg2 Nh5 18. Na5 f5 19. f3 Bh6 20. Rc4 fxe4 21.
dxe4 Rb8 22. Qc2 Rf7 23. Bc1 Bg7 24. Be3 b6 25. Nb3 Rbf8 26. Nd2 Bf6 27. g4
Nf4+ 28. Bxf4 exf4 29. Rc1 Bd8 30. Nb3 h5 31. g5 h4 32. Nd4 Re8 33. Kh1 Qh3 34.
Qg2 Qd7 35. h3 Re5 36. Qg4 Qxg4 37. hxg4 Rxg5 38. Ne6 Rf8 39. Nxg5 Bxg5 40.
Rxc7 h3 41. Rxa7 Bf6 42. Rc6 Bd4 43. Rxd6 Rc8 44. Rxg6+ Kf8 45. Rc6 Rd8 46. d6
1-0

[Event " "]
[Site "GAMBSHEIM"]
[Date "21.??.??"]
[Round "1.7"]
[White "Schott, Raimund"]
[Black "Blum, Nicolas"]
[Result "1-0"]
[WhiteElo "2102"]
[BlackElo "2224"]
[PlyCount "93"]
[EventDate "21.??.??"]
[WhiteTeam "Gambsheim"]
[BlackTeam "Mulhouse II"]

1. e4 c6 2. d4 d5 3. Nd2 dxe4 4. Nxe4 Nd7 5. Ng5 Ngf6 6. Bd3 e6 7. N1f3 Bd6 8.
Qe2 h6 9. Ne4 Nxe4 10. Bxe4 Qc7 11. Bd2 b6 12. c4 Bb7 13. Rc1 O-O 14. O-O c5
15. Bxb7 Qxb7 16. Rfe1 Rfe8 17. Bc3 cxd4 18. Nxd4 Bc5 19. Qg4 Bxd4 20. Qxd4 e5
21. Qh4 f6 22. Rcd1 Nc5 23. Rd5 Ne6 24. g3 Rad8 25. Red1 Rxd5 26. Rxd5 Qc6 27.
Qg4 Rd8 28. Qd1 Rc8 29. b3 Ng5 30. h4 Ne4 31. Bb2 Qe6 32. Qf3 Nc5 33. Ba3 Nb7
34. Qe4 Na5 35. Kg2 Nc6 36. Rd6 Qe8 37. Bb2 Ne7 38. Ba3 Nc6 39. Qd5+ Kh8 40.
Re6 Qd8 41. Rxc6 Qe8 42. Rxc8 Qxc8 43. Qd6 Qb7+ 44. Qd5 Qa6 45. Bf8 Qc8 46. Qf7
Qg4 47. f3 1-0

[Event " "]
[Site "GAMBSHEIM"]
[Date "21.??.??"]
[Round "1.8"]
[White "Richard, Emma"]
[Black "Criqui, Laurence"]
[Result "1-0"]
[WhiteElo "1955"]
[BlackElo "1640"]
[PlyCount "63"]
[EventDate "21.??.??"]
[WhiteTeam "Mulhouse II"]

1. e4 e5 2. Nf3 d6 3. d4 exd4 4. Nxd4 g6 5. Nc3 Bg7 6. Be3 Nf6 7. Be2 O-O 8.
Qd2 Re8 9. f3 a6 10. O-O-O Nc6 11. h4 Nxd4 12. Bxd4 Nh5 13. g4 Ng3 14. Bxg7
Kxg7 15. Rh2 Be6 16. Bd3 Qf6 17. Qf2 Qf4+ 18. Kb1 c5 19. Rg2 c4 20. Qd4+ Kg8
21. Bxc4 Bxc4 22. Qxc4 Qxf3 23. Rgg1 Rac8 24. Qd4 Nxe4 25. Nd5 Qf2 26. Qxf2
Nxf2 27. Nf6+ Kh8 28. Nxe8 Nxd1 29. Nxd6 Nc3+ 30. bxc3 Rxc3 31. h5 Kg7 32. Rf1
1-0

[Event " "]
[Site "BESANCON"]
[Date "21.??.??"]
[Round "1.1"]
[White "Charnushevich, Aliaksei"]
[Black "Vernay, Clovis"]
[Result "1-0"]
[WhiteElo "2533"]
[BlackElo "2396"]
[PlyCount "169"]
[EventDate "21.??.??"]
[WhiteTeam "Besançon T.P.G."]
[BlackTeam "Lyon Olympique Echecs"]

1. c4 e5 2. Nc3 Nf6 3. Nf3 Nc6 4. g3 d5 5. cxd5 Nxd5 6. d3 Be7 7. Bg2 Nb6 8.
O-O O-O 9. Be3 Be6 10. Ne4 Bd5 11. Rc1 Rb8 12. Nc3 Be6 13. d4 exd4 14. Nxd4
Nxd4 15. Bxd4 Bf6 16. Bxf6 Qxf6 17. Qc2 c6 18. b3 Qe7 19. f4 f6 20. e4 Rbd8 21.
Rfe1 Rd7 22. e5 f5 23. Qf2 Rfd8 24. Rcd1 Qb4 25. Rxd7 Rxd7 26. Qe3 Qd4 27. Qxd4
Rxd4 28. Kf2 Kf7 29. Ke3 Rd7 30. Rd1 Rxd1 31. Nxd1 Bd5 32. Bh3 g6 33. Kd4 Bf3
34. Ne3 Nd5 35. Nxd5 Bxd5 36. Bf1 Ke7 37. Bd3 b6 38. Bb1 a5 39. Bc2 Bh1 40. Kc3
Bd5 41. a3 c5 42. b4 axb4+ 43. axb4 cxb4+ 44. Kxb4 Kd7 45. Ba4+ Kc7 46. h4 Kd8
47. h5 gxh5 48. Bb3 Bc6 49. Bc2 Bd7 50. Kc4 Be6+ 51. Kd4 Ke7 52. Bd3 Bc8 53.
Bc4 h4 54. gxh4 Be6 55. Bd3 Bc8 56. Kd5 Bb7+ 57. Kc4 Ba6+ 58. Kc3 Bc8 59. Kd4
Ke6 60. Bc2 Bb7 61. Kc4 Ba6+ 62. Kb4 Be2 63. Bb3+ Kd7 64. Bc4 Bf3 65. Bd3 Bg4
66. Kc4 Bh3 67. Kd4 Bg4 68. Bc2 Bf3 69. Ba4+ Ke6 70. Kc4 Be2+ 71. Kb4 Bd3 72.
Bb5 Be4 73. Ba6 Kd7 74. Bc4 Kc7 75. Kc3 Bf3 76. Bg8 h6 77. Be6 Be4 78. Kd4 Kc6
79. Bc8 Kc7 80. Ba6 Bf3 81. Bd3 Bg4 82. Kd5 Bf3+ 83. Ke6 Be4 84. Bb5 Bb1 85.
Kf6 1-0

[Event " "]
[Site "BESANCON"]
[Date "21.??.??"]
[Round "1.2"]
[White "Lazarev, Vladimir"]
[Black "Sermier, Guillaume"]
[Result "1/2-1/2"]
[WhiteElo "2488"]
[BlackElo "2359"]
[PlyCount "47"]
[EventDate "21.??.??"]
[WhiteTeam "Lyon Olympique Echecs"]

1. c4 e5 2. g3 Nf6 3. Bg2 Be7 4. Nc3 O-O 5. Nf3 d6 6. d4 Nbd7 7. O-O c6 8. Qc2
Qc7 9. Rd1 Re8 10. Bd2 Bf8 11. Rac1 a6 12. h3 g6 13. e4 b6 14. b4 Bb7 15. Qb1
Rab8 16. Be3 exd4 17. Nxd4 Ne5 18. Qb3 c5 19. Nd5 Qd8 20. Ne2 Nxd5 21. cxd5 Bg7
22. bxc5 bxc5 23. Rb1 a5 24. f4 1/2-1/2